Home Print Resources E-Books E-Journals IIMT Lecture Series Library Membership Form Book Recommendation Form Campus Tour Take AdmissionAbout Us Contact Us

PHARMAECUTICAL CHEMISTRY INORGANIC (Record no. 30960)

000 -LEADER
fixed length control field 00312nam a2200121Ia 4500
008 - FIXED-LENGTH DATA ELEMENTS--GENERAL INFORMATION
fixed length control field 170620s9999 xx 000 0 und d
100 ## - MAIN ENTRY--PERSONAL NAME
Personal name CHATWAL - GURDEEP R
245 #0 - TITLE STATEMENT
Title PHARMAECUTICAL CHEMISTRY INORGANIC
260 ## - PUBLICATION, DISTRIBUTION, ETC.
Name of publisher, distributor, etc. HIMALYA DELHI
260 ## - PUBLICATION, DISTRIBUTION, ETC.
Date of publication, distribution, etc. 2007
300 ## - PHYSICAL DESCRIPTION
Extent 437
546 ## - LANGUAGE NOTE
Language note English
690 ## - LOCAL SUBJECT ADDED ENTRY--TOPICAL TERM (OCLC, RLIN)
Topical term or geographic name as entry element PHARMAECUTICAL CHEMISTRY INORGANIC
Holdings
Withdrawn status Lost status Source of classification or shelving scheme Damaged status Not for loan Home library Current library Date acquired Source of acquisition Total Checkouts Barcode Date last seen Date last checked out Price effective from Koha item type Checked out
          NOIDA College IIMT College of Pharmacy NOIDA College IIMT College of Pharmacy 01/12/2014 1 3 12-B-1853 02/17/2026 09/02/2025 06/26/2017 Book Bank  
          NOIDA College IIMT College of Pharmacy NOIDA College IIMT College of Pharmacy 01/12/2014 1 1 12-B-1854 10/12/2019 10/12/2019 06/26/2017 Book Bank 01/15/2020
IIMT, Central Library. All Rights Reserved IIMT,UNIVERSITY © 2023
Implemented and Customised by I CLOUDE EMS
You Are OPAC Visitor No
free web counter

Powered by Koha